| 000 | 01420cam a22004573a 4500 | ||
|---|---|---|---|
| 001 | 46695 | ||
| 005 | 20230411085958.0 | ||
| 008 | 020524s2009 sp babm 000 0 spa | ||
| 035 | _a(OCoLC)ocn503455156 | ||
| 040 |
_aGWDNB _erakwb _bger _cGWDNB |
||
| 016 | 7 |
_a995375054 _2GyFmDB |
|
| 020 | _a9788449322693 | ||
| 020 | _a8449322693 | ||
| 029 | 0 |
_aGWDNB _b995375054 |
|
| 035 | _a(OCoLC)503455156 | ||
| 041 | 1 |
_aspa _hger |
|
| 082 | 0 | 4 |
_a146 _2DDC22ger |
| 082 | 0 | 4 |
_a306.6 _2DDC22ger |
| 084 |
_a100 _a200 _a300 _2GyFmDB |
||
| 049 | _aGRAL | ||
| 245 | 0 | 0 |
_aCarta al Papa _bconsideraciones sobre la fe _cJurgen Habermas, Michael Reder y Josef Schmidt. [Trad. de Bernardo Moreno Carrillo] |
| 260 |
_aBarcelona _aBuenos Aires _aMéxico _bPaidâos _c2009 |
||
| 300 |
_a266 p. _c18 cm |
||
| 490 | 1 |
_aEl arco de Ulises _v15 |
|
| 500 | _aLiteraturangaben | ||
| 650 | 0 | 7 |
_aNaturalismus <Philosophie> _2swd |
| 650 | 0 | 7 |
_aReligion _2swd |
| 650 | 0 | 7 |
_aReligièoser Pluralismus _2swd |
| 650 | 0 | 7 |
_aBèurgerliche Gesellschaft _2swd |
| 650 | 0 | 7 |
_aToleranz _2swd |
| 655 | 7 |
_aAufsatzsammlung _2swd |
|
| 700 | 1 |
_aHabermas, Jèurgen _4aut |
|
| 700 | 1 |
_aReder, Michael _4aut |
|
| 700 | 1 |
_aSchmidt, Josef _4aut |
|
| 700 | 1 |
_aMoreno Carrillo, Bernardo _eèUbers. _4aut |
|
| 730 | 0 |
_aBewusstsein von dem, was fehlt _lspan. |
|
| 830 | 3 |
_aEl arco de Ulises ; _v15. |
|
| 942 |
_2lcc _cbk |
||
| 994 |
_aC0 _bDRFGD |
||
| 946 | _aYSL | ||
| 999 |
_c110382 _d110382 |
||